| 000 | 00568nam a2200181Ia 4500 | ||
|---|---|---|---|
| 020 | _apbk | ||
| 082 |
_a297.2 _bALK _cL-30.P-43 |
||
| 100 |
_aAbu Bakr al,Kalabadhi _937374 |
||
| 245 |
_aThe Doctrine of the sufis: _b(kitab al-Ta'arruf li-madhhab ahl al-tasawwuf) _cAbu Bakr al,Kalabadhi |
||
| 260 |
_aRawalpindi: _bNational Book Founation, |
||
| 300 | _a173p. | ||
| 526 |
_a0 _b0 _c0 _d297_200000000000000_ALK |
||
| 526 |
_a0 _b0 _c0 _d297_200000000000000_ALK |
||
| 650 |
_aMCE _9379 |
||
| 650 |
_aMysticism -- Islam _937375 |
||
| 650 |
_aSufism _96129 |
||
| 942 |
_2ddc _cBK |
||
| 999 |
_c542251 _d542251 |
||